LIBRARY & INFORMATION CENTRE, KCAET, TAVANUR

ONLINE PUBLIC ACCESS CATALOGUE (OPAC)

Harmonious vision: Studies in Milton`s poetry / (Record no. 6656)

MARC details
000 -LEADER
fixed length control field 00422cam a2200157ua 4500
041 ## - LANGUAGE CODE
Language code of text/sound track or separate title eng
082 ## - DEWEY DECIMAL CLASSIFICATION NUMBER
Classification number 828.09
Item number ALL/HA
100 ## - MAIN ENTRY--AUTHOR NAME
Personal name Allen, Don Cameron .
245 ## - TITLE STATEMENT
Title Harmonious vision: Studies in Milton`s poetry /
250 ## - EDITION STATEMENT
Edition statement 1 /
260 ## - PUBLICATION, DISTRIBUTION, ETC. (IMPRINT)
Place of publication Baltimore :
Name of publisher The John Hopkins press ,
Year of publication 1954.
300 ## - PHYSICAL DESCRIPTION
Number of Pages 125 ; .
942 ## - ADDED ENTRY ELEMENTS (KOHA)
Koha item type Books
Holdings
Withdrawn status Lost status Damaged status Home library Current library Date acquired Full call number Accession Number Koha item type
Withdrawn     KAUAET Malayalam University 07/04/2012 828.09 11906 Books
free website counter